Geografía argentina /
Guardado en:
| Autor Principal: | |
|---|---|
| Otros Autores: | , , |
| Formato: | Libro |
| Publicado: |
Buenos Aires :
Aique,
1994
|
| Materias: | |
| Etiquetas: |
Agregar Etiqueta
Sin Etiquetas, Sea el primero en etiquetar este registro!
|
| LEADER | 01953nam a22003855a 4500 | ||
|---|---|---|---|
| 001 | CEM.cems008672 | ||
| 008 | 130507s1994##################000#0#####d | ||
| 005 | 20210928181943.0 | ||
| 003 | CEMS | ||
| 245 | 1 | 0 | |a Geografía argentina / |c Pablo Ciccolella ... [et Al.] |
| 260 | |a Buenos Aires : |b Aique, |c 1994 | ||
| 300 | |a 285 p. | ||
| 505 | 0 | |a El espacio y la sociedad argentina en el mundo contemporáneo -- La organización y el poblamiento del territorio argentino -- Las condiciones naturales del territorio argentino -- Recursos naturales y sistemas productivos -- La producción industrial y los servicios en la ciudad -- Escenarios futuros en la argentina -- Atlas | |
| 020 | |a 9507012176 | ||
| 100 | 1 | |a Ciccolella, Pablo | |
| 700 | 1 | |a Gurevich, Raquel | |
| 700 | 1 | |a Montenegro, Irene | |
| 700 | 1 | |a Fernández Caso, María Victoria | |
| 082 | 0 | 4 | |a Z918.2 |
| 653 | |a Geografía | ||
| 653 | |a Geografía argentina | ||
| 859 | |a CEMS |b BIB. CEMS - 11 de abril |h 918.2 |i C344 |p 18086.95 |t Ej.1 | ||
| 859 | |a CEMS |b BIB. CEMS - 11 de abril |h 918.2 |i C344 |p 18144.95 |t Ej.2 | ||
| 859 | |a CEMS |b BIB. CEMS - 11 de abril |h 918.2 |i C344 |p 18145.95 |t Ej.3 | ||
| 859 | |a CEMS |b BIB. CEMS - 11 de abril |h 918.2 |i C344 |p 18146.95 |t Ej.4 | ||
| 859 | |a CEMS |b BIB. CEMS - 11 de abril |h 918.2 |i C344 |p 18147.95 |t Ej.5 | ||
| 859 | |a CEMS |b BIB. CEMS - 11 de abril |h 918.2 |i C344 |p 18148.95 |t Ej.6 | ||
| 859 | |a CEMS |b BIB. CEMS - 11 de abril |h 918.2 |i C344 |p 18149.95 |t Ej.7 | ||
| 859 | |a CEMS |b BIB. CEMS - 11 de abril |h 918.2 |i C344 |p 18376.95 |t Ej.8 | ||
| 859 | |a CEMS |b BIB. CEMS - 11 de abril |h 918.2 |i C344 |p 18377.95 |t Ej.9 | ||
| 859 | |a CEMS |b BIB. CEMS - 11 de abril |h 918.2 |i C344 |p 18378.95 |t Ej.10 | ||
| 859 | |a CEMS |b BIB. CEMS - 11 de abril |h 918.2 |i C344 |p 18379.95 |t Ej.11 | ||
| 859 | |a CEMS |b BIB. CEMS - 11 de abril |h 918.2 |i C344 |p 18380.95 |t Ej.12 | ||
| 859 | |a CEMS |b BIB. CEMS - 11 de abril |h 918.2 |i C344 |p 18381.95 |t Ej.13 | ||
| 859 | |a CEMS |b BIB. CEMS - 11 de abril |h 918.2 |i C344 |p 20538.99 |t Ej.14 | ||
